| 000 | 00698nam a2200253Ia 4500 | ||
|---|---|---|---|
| 001 | 7726 | ||
| 005 | 20240113234031.0 | ||
| 007 | ta | ||
| 008 | 050712s1988 g b000 u eng u | ||
| 020 | _a81-7022-210-9 | ||
| 040 | _aCotton College,Assam | ||
| 041 | _aeng | ||
| 082 |
_a323 _bSa 78 Ce |
||
| 100 | _aSastry, M.L. . | ||
| 245 | 0 |
_aCentre-State Financial Relations / _cM.L.Sastry & G.R.Reddy. _hTextual Documents |
|
| 250 | _a1st ed / | ||
| 260 |
_aNew Delhi : _bConcept Publishing Comp. , _c1988. |
||
| 300 |
_a480p. ; _c22cm.. |
||
| 653 | _aPolitical Science | ||
| 653 | _aFinancial Relations-Centre-State | ||
| 942 |
_2ddc _cBK |
||
| 999 |
_c7713 _d7713 |
||